|
|
|
|
| LEADER |
00000nam a2200000 a 4500 |
| 001 |
vtls010560520 |
| 003 |
SK-MaSNL |
| 005 |
20260302083330.0 |
| 007 |
co mga muuua |
| 008 |
240318s2009 xo | fsp 000 0dslo |
| 015 |
|
|
|a SNBS2015
|
| 020 |
|
|
|a 9788089075331
|q (elektronická kniha)
|
| 040 |
|
|
|a SNK
|b slo
|c SNK
|e AACR2
|
| 041 |
0 |
|
|a slo
|
| 044 |
|
|
|a xo
|c SK
|
| 072 |
|
7 |
|a 612
|x Fyziológia človeka a porovnávacia fyziológia
|2 konspekt
|
| 080 |
|
|
|a 612.76
|2 2001
|
| 080 |
|
|
|a (075.8)
|2 2001
|
| 080 |
|
|
|a (0.034.44)
|2 2001
|
| 100 |
1 |
|
|a Duvač, Igor
|4 aut
|9 751185
|
| 245 |
1 |
0 |
|a Antropomotorika
|h elektronický zdroj
|b prvá slovenská multimediálna učebnica pre vysoké školy - materiály na semináre
|c Igor Duvač
|
| 260 |
|
|
|a [Bratislava
|b Slovenská vedecká spoločnosť pre telesnú výchovu a šport]
|c 2009
|
| 300 |
|
|
|a 1 elektronický optický disk (CD-ROM)
|b fareb., zvuk
|c 12 cm
|
| 500 |
|
|
|a Názov z titulnej obrazovky
|
| 500 |
|
|
|a Biogr. údaje
|
| 504 |
|
|
|a Bibliogr. odkazy
|
| 516 |
|
|
|a Textový dokument (učebnica), súbory vo formáte html, doc, gif, prezentácie a videá
|
| 538 |
|
|
|a Technické požiadavky: internetový prehliadač, textový editor, prehliadač obrázkov, prezentačný a multimediálny prehrávač
|
| 650 |
0 |
7 |
|a antropomotorika
|2 SNKPH
|9 3492
|
| 650 |
0 |
7 |
|a kineziológia
|2 SNKPH
|9 2503
|
| 650 |
0 |
7 |
|a Anthropomotorics
|2 SNKPHeng
|9 330020
|
| 650 |
0 |
7 |
|a Kinesiology
|2 SNKPHeng
|9 312607
|
| 655 |
|
7 |
|a elektronické zdroje
|2 SNKPH
|9 90954
|
| 655 |
|
7 |
|a CD-ROM
|2 SNKPH
|9 70236
|
| 655 |
|
7 |
|a učebnice vysokých škôl
|2 SNKPH
|9 70191
|
| 655 |
|
7 |
|a Textbooks (higher)
|2 SNKPHeng
|9 276436
|
| 655 |
|
7 |
|a Electronic resources
|2 SNKPHeng
|9 175546
|
| 919 |
|
|
|a 978-80-89075-33-1
|
| 958 |
|
|
|a NB
|
| 999 |
|
|
|c 1183345
|d 1185275
|
| 952 |
|
|
|a SNK
|b SNK
|y PREZ
|7 0
|p 17A1093448
|o snkSCDM 6087
|i snk2013/28941
|8 0
|0 0
|1 0
|4 0
|d 2013-11-26
|l 0
|r 2026-02-24 21:46:16
|w 2026-02-24
|
| 952 |
|
|
|t snkANT 621.76
|a SNKMST
|b SNKMST
|y PREZ
|7 0
|p 17A1093449
|o snkSCDM 6087 D1
|i snk2013/28942
|8 0
|0 0
|1 0
|4 0
|d 2013-11-26
|l 0
|r 2025-08-14 00:00:00
|w 2026-02-24
|